| 000 | 01309nam a22002897a 4500 | ||
|---|---|---|---|
| 001 | 4561 | ||
| 003 | FISKH | ||
| 005 | 20240916161458.0 | ||
| 008 | 240916b cb ||||| |||| 00| 0 eng d | ||
| 040 |
_aFISKH _bKhmer _cFISKH _dFISKH |
||
| 050 | _aPZ7 | ||
| 082 | _a800 | ||
| 100 |
_aReaksmey, Am _eauthor |
||
| 245 |
_aពន្លឺព្រះចន្រ្ទ / _cby Am Reaksmey |
||
| 250 | _aបោះពុម្ពលើកទី១ ខែមិថុនា ឆ្នាំ២០០៨ | ||
| 260 |
_aភ្នំពេញ : _b កិច្ចសហប្រតិបត្តិការអភិវឌ្ឍន៍ប៊ែលហ្ស៊ិក ; _c២០០៨ . |
||
| 300 |
_a8 pages : _bcolor illustrations ; _c25 cm . |
||
| 505 | _aD | ||
| 520 | _aពុកលាកូនៗទៅចំការ ហើយគាត់ផ្តាំអោយចែមជាកូនពៅមើលទៅព្រះចន្រ្ទពេលពុកមិននៅ។ | ||
| 520 | _aDad said goodbye to my children and went to the field, and he told his youngest son, Cham, to look at the moon when he was away. | ||
| 521 | 8 |
_a160
_bLexile estimate |
|
| 521 | 8 |
_aD
_bRaz-Plus |
|
| 650 | _aចង្កៀង | ||
| 650 | _aLamp | ||
| 942 |
_2ddc _cKHB _n0 |
||
| 999 |
_c4561 _d4561 |
||